<?xml version="1.0" encoding="UTF-8"?>
<record
    xmlns:xsi="http://www.w3.org/2001/XMLSchema-instance"
    xsi:schemaLocation="http://www.loc.gov/MARC21/slim http://www.loc.gov/standards/marcxml/schema/MARC21slim.xsd"
    xmlns="http://www.loc.gov/MARC21/slim">

  <leader>03526    a2200205   4500</leader>
  <controlfield tag="001">28346</controlfield>
  <controlfield tag="005">20260407155555.0</controlfield>
  <controlfield tag="008">260407a1991    arg                 spa d</controlfield>
  <controlfield tag="003">AR-UNSa-BCEJYS</controlfield>
  <datafield tag="040" ind1=" " ind2=" ">
    <subfield code="a">AR-UNSa-BCEJYS</subfield>
    <subfield code="b">spa</subfield>
    <subfield code="c">AR-UNSa-BCEJYS</subfield>
  </datafield>
  <datafield tag="080" ind1=" " ind2=" ">
    <subfield code="a">347.65</subfield>
    <subfield code="x">Derecho de sucesiones. Derecho hereditario</subfield>
  </datafield>
  <datafield tag="245" ind1="1" ind2="0">
    <subfield code="a">Derecho de las sucesiones</subfield>
  </datafield>
  <datafield tag="020" ind1=" " ind2=" ">
    <subfield code="a">950-14-0609-1</subfield>
  </datafield>
  <datafield tag="264" ind1=" " ind2="1">
    <subfield code="a">Buenos Aires :</subfield>
    <subfield code="b">Ediciones Depalma</subfield>
    <subfield code="c">1991</subfield>
  </datafield>
  <datafield tag="300" ind1=" " ind2=" ">
    <subfield code="a">xii, 368 p.</subfield>
    <subfield code="c">23 cm.</subfield>
  </datafield>
  <datafield tag="505" ind1=" " ind2=" ">
    <subfield code="a">1. La sucesi&#xF3;n - 2. Fundamento - 3. Trasmisi&#xF3;n de los derechos en general - 4. Especies - 5. Diferencia entre sucesi&#xF3;n, herencia y patrimonio - 6. Sucesi&#xF3;n en la persona y sucesi&#xF3;n en los bienes. Las soluciones en derecho romano y el derecho germ&#xE1;nico - 7. La sucesi&#xF3;n como entidad con personalidad - 8. Definici&#xF3;n de la sucesi&#xF3;n mortis causa. Su vinculaci&#xF3;n con el derecho de familia - 10. Fuentes de la sucesi&#xF3;n mortis causa - 11. El sucesor - 12. Contenido y objeto de la sucesi&#xF3;n universal - 13. Intervenci&#xF3;n del Estado - 14. Apertura de la sucesi&#xF3;n - 15. Conmoriencia - 16. R&#xE9;gimen sucesorio abierto por presunci&#xF3;n de fallecimiento - 17. Legatario parciario o de parte al&#xED;cuota - 18. Ley aplicable al derecho sucesorio - 19. Jurisdicci&#xF3;n. Fuero de atracci&#xF3;n - 20. El heredero. La norma. La distinci&#xF3;n - 21. Capacidad para suceder - 22. Indignidad - 23. Acci&#xF3;n de indignidad: partes, procedimiento, prueba, extinci&#xF3;n, efectos - 24. Desheredaci&#xF3;n - 25. Vocaci&#xF3;n sucesoria - 26. Aceptaci&#xF3;n de la herencia - 27. Aceptaci&#xF3;n con beneficio de inventario - 28. Administraci&#xF3;n de la herencia por el heredero beneficiario - 29. Pago por el heredero beneficiario a acreedores y legatarios - 30. Abandono del beneficio - 31. Derechos, obligaciones y acciones del heredero. Enumeraci&#xF3;n y objeto - 32. Derecho de opci&#xF3;n para aceptar o repudiar la herencia - 33. Renuncia o repudiaci&#xF3;n de la herencia - 34. Herencia futura - 335. Separaci&#xF3;n de patrimonios - 36. Posesi&#xF3;n hereditaria - 37. La declaraci&#xF3;n de herederos y su inclusi&#xF3;n en el proyecto de 1936 - 38. Heredero aparente - 39. Acci&#xF3;n de petici&#xF3;n de herencia - 40. La indivisi&#xF3;n hereditaria - 41. Administraci&#xF3;n de la sucesi&#xF3;n en el estado de indivisi&#xF3;n - 42. Colaci&#xF3;n  - 43. Divisi&#xF3;n de pleno derecho de cr&#xE9;ditos y deudas - 44. Cesaci&#xF3;n del estado de indivisi&#xF3;n - 45. Partici&#xF3;n por ascendientes - 46. R&#xE9;gimen especial de los sepulcros - 47. Sucesi&#xF3;n deferida por la Ley - 48. Derecho de representaci&#xF3;n - 49. Sucesi&#xF3;n legitimaria - 50. Protecci&#xF3;n de la leg&#xED;tima - 51. "Querela inofficiosi testamenti" - 52. Acci&#xF3;n de recisi&#xF3;n de la partici&#xF3;n - 53. Porci&#xF3;n disponible. Mejora - 54. Llamamiento imperativo - 55. Sucesi&#xF3;n del c&#xF3;nyuge - 56. Causas de exclusi&#xF3;n del c&#xF3;nyuge con respecto a la vocaci&#xF3;n sucesoria - 57. Derecho real de habitaci&#xF3;n del c&#xF3;nyuge - 58. Llamamiento supletorio. Colaterales y sucesi&#xF3;n entre afines - 59. Sucesi&#xF3;n del fisco y herencia vacante - 60. Sucesi&#xF3;n deferida por testamento - 61. Clasificaci&#xF3;n y especies de testamentos - 62. Los testigos en los testamentos - 63. De la instituci&#xF3;n del heredero - 64. De la sustituci&#xF3;n del heredero - 65. Derecho de acrecer - 66. Legados - 67. Derecho real de habitaci&#xF3;n en el derecho sucesorio - 68. Revocaci&#xF3;n de testamentos - 69. Revocaci&#xF3;n de legados - 70. De los albaceas - 71. Acci&#xF3;n de petici&#xF3;n de herencia - 72. Cesi&#xF3;n de derechos hereditarios.  </subfield>
  </datafield>
  <datafield tag="942" ind1=" " ind2=" ">
    <subfield code="c">BK</subfield>
  </datafield>
  <datafield tag="590" ind1=" " ind2=" ">
    <subfield code="a">niveau_biblio:m niveau_hierar:0</subfield>
  </datafield>
  <datafield tag="100" ind1="1" ind2=" ">
    <subfield code="a">L&#xF3;pez del Carril, Julio J.</subfield>
  </datafield>
  <datafield tag="999" ind1=" " ind2=" ">
    <subfield code="c">1695</subfield>
    <subfield code="d">1695</subfield>
  </datafield>
  <datafield tag="952" ind1=" " ind2=" ">
    <subfield code="0">0</subfield>
    <subfield code="1">0</subfield>
    <subfield code="4">0</subfield>
    <subfield code="7">0</subfield>
    <subfield code="a">BCEJYS</subfield>
    <subfield code="b">BCEJYS</subfield>
    <subfield code="c">16</subfield>
    <subfield code="d">2026-04-07</subfield>
    <subfield code="l">0</subfield>
    <subfield code="o">347.65 L864</subfield>
    <subfield code="p">L119977</subfield>
    <subfield code="r">2026-04-07 15:55:55</subfield>
    <subfield code="w">2026-04-07</subfield>
    <subfield code="y">L</subfield>
  </datafield>
</record>
